| 000 | 00000nam 2200000zi 4500 |
| 001 | 9.941708 |
| 003 | CaOODSP |
| 005 | 20250108105415 |
| 006 | m o d f |
| 007 | cr cn |||||||| |
| 008 | 240809t20242024onc o f000 0 fre d |
| 020 | |a9780660731032 |
| 040 | |aCaOODSP|bfre|erda|cCaOODSP |
| 043 | |an-cn--- |
| 086 | 1 |aH144-133/2024F-PDF |
| 245 | 00|aSoins actifs pendant une chaleur accablante : |brecommandations et information à l'intention des travailleurs de la santé. |
| 264 | 1|a[Ottawa] : |bSanté Canada = Health Canada, |c[2024] |
| 264 | 4|c©2024 |
| 300 | |a1 ressource en ligne (2 pages non numérotées) |
| 336 | |atexte|btxt|2rdacontent/fre |
| 337 | |ainformatique|bc|2rdamedia/fre |
| 338 | |aressource en ligne|bcr|2rdacarrier/fre |
| 500 | |aPublié aussi en anglais sous le titre : Acute care during extreme heat : recommendations and information for health care workers. |
| 500 | |a « Pub. : 240467. » |
| 650 | 6|aChaleur|zCanada|xSécurité|xMesures. |
| 650 | 6|aÉpuisement par la chaleur|zCanada|xPrévention. |
| 650 | 6|aCoup de chaleur|zCanada|xPrévention. |
| 650 | 6|aChaleur|xEffets physiologiques|zCanada. |
| 710 | 1 |aCanada. |bSanté Canada, |eorganisme de publication. |
| 775 | 08|tAcute care during extreme heat : |w(CaOODSP)9.941709 |
| 795 | |tSoins actifs pendant une chaleur accablante : |w(CaOODSP)9.640362 |
| 856 | 40|qPDF|s515 Ko|uhttps://publications.gc.ca/collections/collection_2025/sc-hc/H144-133-2024-fra.pdf |
| 856 | 4 |qHTML|sS.O.|uhttps://www.canada.ca/fr/sante-canada/services/sante-environnement-milieu-travail/rapports-publications/changement-climatique-sante/soins-actifs-pendant-chaleur-accablante-recommandations-information-intention-travailleurs-sante-sante-canada-2011.html |